ROSÉ - number one girl (All Lyrics) - Statistics

General Stats
  • This quiz has been taken 167 times
  • The average score is 332 of 385
Answer Stats
% Correct
I
100%
me
100%
me?
100%
you
99%
a
97%
girl
97%
in
97%
one
97%
your
97%
Your
97%
number
96%
to
96%
I'm
94%
Tell
94%
tell
94%
that
94%
do
92%
eyes
92%
be
90%
hear
90%
it
90%
The
90%
the
90%
and
88%
And
88%
want
88%
lonely?
86%
pretty
85%
anything
83%
Isn't
83%
isn't
83%
told
83%
make
82%
only
82%
what
82%
special
81%
up
81%
look
79%
don't
78%
dying
78%
I'd
78%
if
78%
need
78%
all
76%
give
76%
know
76%
why
76%
angel
75%
heart
74%
little
74%
then
74%
back
72%
'Cause
71%
So
71%
so
71%
city
69%
evidence
69%
new
69%
of
68%
real
68%
This
68%
at
67%
night
67%
Say
67%
take
67%
with
67%
gon'
65%
big
64%
for
64%
thing
63%
even
61%
got
61%
relevant
61%
what's
61%
sweetheart
58%
late
54%
worth
54%
Yeah
53%
loved
49%
that's
49%
enough
43%
friendly
43%
through
43%
places
40%
accept
38%
going
38%
phases
38%
down
33%
earth
31%
Well
29%
No matching quizzes found
Score Distribution
Percent of People with Each Score
Percentile by Number Answered
Your Score History
You have not taken this quiz